000 00451nab a2200145Ia 4500
003 ES-SlBCS
005 20210601135704.0
008 140529s1996 xxu||||| |||| 00| 0 spa d
041 _aspa
100 1 _aSachovskoj, D. M.
_9235397
245 0 0 _aEl significado del bautismo de Rusia en el desarrollo de la cultura rusa
_c D. M. Sachovskoj
651 4 _aRusia-Bautismo
_9235398
773 0 _tConcilium
_gnº. 268, 1996, págs. 9-19
_wRev134
942 _cAR
999 _c632308
_d632308